000 00591nam a2200205Ii 4500
001 10682
003 CO-ViMGA
008 241108s9999||||xx |||||||||||||| ||und||
040 _aCO-ViMGA
_bspa
_erda
_cCO-ViMGA
041 0 _aunk
082 0 4 _a891.853-G635
100 1 _aWitold Gombrowicz
_957296
245 1 0 _aFerdydurke
264 1 _a[Lugar de publicación no identificado] : Sudamericana, 1964
300 _avolumen
336 _atext
_btxt
_2rdacontent
337 _aunmediated
_bn
_2rdamedia
338 _avolume
_bnc
_2rdacarrier
940 _aidficha_siabuc: 10427. -- ficha_no_siabuc:10682
999 _c55664
_d55664